Textes de droit romain: sur la possession, les hypothèques et les donations entre époux

সংরক্ষণ করুন:
গ্রন্থ-পঞ্জীর বিবরন
প্রধান লেখক: Machelard, M. Eugène (autor)
বিন্যাস: গ্রন্থ
ভাষা:ফরাসি
প্রকাশিত: París Auguste Durand 1856
বিষয়গুলি:
ট্যাগগুলো: ট্যাগ যুক্ত করুন
কোনো ট্যাগ নেই, প্রথমজন হিসাবে ট্যাগ করুন!

MARC

LEADER 00000nam a2200000 a 4500
001 UCL1062
003 CL-VaPUC
008 030829e18560000FR |||||||||||||||||fre|d
082 0 4 |a 340.54  |b MAC  |2 21 
100 |a Machelard, M. Eugène  |e autor  |9 477860 
245 1 0 |a Textes de droit romain: sur la possession, les hypothèques et les donations entre époux 
300 |a 294 p 
942 |c BK 
945 |d 20030829 00:00:00  |a cmena 
260 |a París  |b Auguste Durand  |c 1856 
650 0 |a Derecho romano  |9 255930 
650 0 |a Posesión   |9 258681 
650 0 |a Bienes  |9 255749 
583 |a last modification  |c 20030829 00:00:00  |k Rodrigo Vera 
999 |c 304744  |d 304742 
952 |0 0  |1 0  |4 0  |6 340_540000000000000_MAC_1856  |7 0  |8 DER_HIS  |9 367454  |a BIBDER  |b BIBDER  |d 2019-11-21  |i 2040913  |o 340.54 MAC 1856  |p 2040913  |r 2023-01-25  |w 2019-11-21  |x Ubicación 4to Piso  |y BK_X  |z Estos recursos deben solicitarse con anticipación  |k DER